[Event "Sparkassen-Open A"]
[Site "Heusenstamm, Martinsee"]
[Date "2021.11.19"]
[Round "2.30"]
[White "Steinle, Carsten"]
[Black "Glöckler, Christian"]
[Result "1-0"]
[WhiteElo "2117"]
[BlackElo "1397"]
[PlyCount "77"]
[EventDate "2021.??.??"]
[WhiteTeam "SV Ahlen"]
[BlackTeam "SC Lindenholzhausen"]

1. Nf3 Nf6 2. g3 b6 3. Bg2 Bb7 4. b3 g6 5. Bb2 Bg7 6. O-O O-O 7. c4 c5 8. Nc3
Nc6 9. d4 Nxd4 10. Nxd4 Bxg2 11. Kxg2 cxd4 12. Qxd4 d6 13. Rad1 Rc8 14. Rd2 Rc5
15. Rfd1 Qd7 16. Nd5 b5 17. Nxf6+ Bxf6 18. Qxc5 dxc5 19. Rxd7 Bxb2 20. cxb5 Bd4
21. Rxa7 Rb8 22. e3 Bf6 23. a4 h5 24. Rc7 Kg7 25. Rxc5 Bb2 26. Rc7 Ba3 27. Rdd7
Kf8 28. Rb7 Rc8 29. a5 Ra8 30. a6 Ke8 31. a7 f6 32. b6 Bc5 33. Rdc7 Bxb6 34.
Rxb6 Kd8 35. Rcb7 Kc8 36. Rb8+ Kc7 37. R6b7+ Kc6 38. b4 Rxa7 39. Rxa7 1-0

[Event "Sparkassen-Open A"]
[Site "Heusenstamm, Martinsee"]
[Date "2021.11.19"]
[Round "2.31"]
[White "Gollon, Sinan"]
[Black "Spilles, Matthias"]
[Result "0-1"]
[WhiteElo "1309"]
[BlackElo "2088"]
[PlyCount "56"]
[EventDate "2021.??.??"]
[WhiteTeam "Karlsruher SF"]
[BlackTeam "Brühler SK"]

1. e4 e6 2. Nf3 d5 3. e5 c5 4. b4 b6 5. b5 Ne7 6. c3 Ng6 7. d4 Be7 8. Bd3 O-O
9. O-O a6 10. dxc5 bxc5 11. c4 axb5 12. cxd5 exd5 13. Bxb5 Be6 14. Qc2 Qb6 15.
a4 Na6 16. Bg5 Nb4 17. Qd1 Rfd8 18. Bxe7 Nxe7 19. Nc3 Bf5 20. Nh4 Bc2 21. Qf3
Qh6 22. g3 Qe6 23. Rfe1 c4 24. Qe2 Bd3 25. Qd2 Nc2 26. Na2 Nxa1 27. Rxa1 Ng6
28. Nxg6 Bxg6 0-1

[Event "Sparkassen-Open A"]
[Site "Heusenstamm, Martinsee"]
[Date "2021.11.19"]
[Round "2.32"]
[White "Poetsch, Hagen"]
[Black "Weiland, Thomas"]
[Result "1-0"]
[WhiteElo "2513"]
[BlackElo "1799"]
[PlyCount "45"]
[EventDate "2021.??.??"]
[WhiteTeam "SC Heusenstamm"]
[BlackTeam "SV Oberursel"]

1. e4 b6 2. d4 e6 3. Nf3 Bb7 4. Bd3 c5 5. c3 cxd4 6. cxd4 Bb4+ 7. Nc3 Ne7 8.
O-O Bxc3 9. bxc3 h6 10. Ba3 O-O 11. Ne5 Re8 12. Qh5 Rf8 13. Qh4 Ng6 14. Qg3 Ne7
15. Qh4 Ng6 16. Nxg6 fxg6 17. Qg3 Rf7 18. Qxg6 Ba6 19. c4 Rf6 20. Qg3 e5 21.
dxe5 Re6 22. f4 Nc6 23. f5 1-0

[Event "Sparkassen-Open A"]
[Site "Heusenstamm, Martinsee"]
[Date "2021.11.19"]
[Round "2.33"]
[White "Ersöz, Can"]
[Black "Krastev, Alexander"]
[Result "0-1"]
[WhiteElo "1964"]
[BlackElo "2418"]
[PlyCount "72"]
[EventDate "2021.??.??"]
[WhiteTeam "SV Würzburg"]
[BlackTeam "SG Solingen"]

1. e4 c5 2. Nc3 d6 3. f4 g6 4. Nf3 Bg7 5. Bc4 Nc6 6. O-O e6 7. d3 Nge7 8. Qe1
O-O 9. Qh4 Nd4 10. Nxd4 cxd4 11. Ne2 Nc6 12. Qf2 Bd7 13. Rb1 Rc8 14. b4 a6 15.
a4 Kh8 16. a5 b5 17. axb6 Qxb6 18. Bd2 Ne7 19. Ra1 d5 20. exd5 exd5 21. Bb3 Nf5
22. Ra2 Bc6 23. Rfa1 Bb7 24. Ng3 Ne3 25. Re1 Rfe8 26. f5 Re7 27. Qf3 Rce8 28.
Raa1 Re5 29. Bxe3 Rxe3 30. Rxe3 dxe3 31. Re1 Qxb4 32. Re2 Qd4 33. h3 a5 34. Kh2
a4 35. f6 Bh6 36. Nf5 gxf5 0-1

[Event "Sparkassen-Open A"]
[Site "Heusenstamm, Martinsee"]
[Date "2021.11.19"]
[Round "2.34"]
[White "Tremöhlen, Thomas"]
[Black "Klundt, Klaus"]
[Result "0-1"]
[WhiteElo "1982"]
[BlackElo "2307"]
[PlyCount "74"]
[EventDate "2021.??.??"]
[WhiteTeam "SG Kaarst"]
[BlackTeam "SC Heusenstamm"]

1. d4 Nf6 2. Bf4 d5 3. e3 e6 4. Nd2 Bd6 5. Bg3 O-O 6. Ngf3 c5 7. c3 b6 8. Bd3
Bb7 9. Ne5 Nc6 10. Qe2 Qc7 11. f4 Ne7 12. Qf3 Nf5 13. Bf2 Be7 14. g4 Nd6 15. g5
Nfe4 16. Rg1 c4 17. Bc2 b5 18. Qh3 b4 19. Ng4 bxc3 20. bxc3 g6 21. Bxe4 dxe4
22. Nf6+ Bxf6 23. gxf6 Nf5 24. Nf1 Qd8 25. Bh4 Qa5 26. Kd2 Rab8 27. Ng3 Bc6 28.
Ne2 Rb2+ 29. Ke1 Rfb8 30. Rg5 Rxe2+ 31. Kxe2 Rb2+ 32. Kf1 Qxc3 33. Be1 Nxe3+
34. Kg1 Qxd4 35. Bf2 Rxf2 36. Kxf2 Nf5+ 37. Ke2 Qb2+ 0-1

[Event "Sparkassen-Open A"]
[Site "Heusenstamm, Martinsee"]
[Date "2021.11.19"]
[Round "2.35"]
[White "Makilla, Tobias"]
[Black "Laux, Dominik"]
[Result "1/2-1/2"]
[WhiteElo "1924"]
[BlackElo "2205"]
[PlyCount "93"]
[EventDate "2021.??.??"]
[WhiteTeam "SC Hattersheim"]
[BlackTeam "SV Hofheim"]

1. e4 c5 2. Nf3 d6 3. Bb5+ Nd7 4. O-O a6 5. Bd3 Ngf6 6. c3 b5 7. Bc2 Bb7 8. Qe2
c4 9. b3 Qc7 10. a4 cxb3 11. Bxb3 Bxe4 12. Bxf7+ Kxf7 13. Ng5+ Ke8 14. Nxe4 Rb8
15. axb5 axb5 16. Na3 Nxe4 17. Qxe4 Nc5 18. Qf3 b4 19. cxb4 Rxb4 20. Nc2 Rb8
21. Nd4 Qb7 22. Qe2 g6 23. Ra3 Bg7 24. Nf3 Bf6 25. Re3 Qd5 26. Re1 Rb7 27. Ba3
Kf7 28. Bxc5 Qxc5 29. Qd3 Rc8 30. Qe4 Ra7 31. Qe6+ Kg7 32. d4 Qf5 33. Qb3 Rc2
34. Rc3 Rxc3 35. Qxc3 Ra2 36. Qc7 Qd5 37. h3 Kf7 38. Qd7 Qf5 39. Qb7 Qc2 40.
Qd5+ Kg7 41. Rf1 h6 42. Qe6 Ra3 43. Re1 Qf5 44. Qc4 h5 45. Qc7 Kf7 46. Qc4+ Kg7
47. Qc7 1/2-1/2

[Event "Sparkassen-Open A"]
[Site "Heusenstamm, Martinsee"]
[Date "2021.11.19"]
[Round "2.36"]
[White "Plum, Paul"]
[Black "Kather, Yannick"]
[Result "0-1"]
[WhiteElo "1851"]
[BlackElo "2147"]
[PlyCount "72"]
[EventDate "2021.??.??"]
[WhiteTeam "SV Koblenz"]
[BlackTeam "SW Lichtenrade"]

1. e4 c5 2. Nc3 Nc6 3. g3 g6 4. Bg2 Bg7 5. d3 d6 6. Be3 Rb8 7. Nf3 Nd4 8. Qd2
Bh3 9. O-O Nxf3+ 10. Bxf3 Bxf1 11. Kxf1 Nf6 12. e5 dxe5 13. Bxc5 b6 14. Bc6+
Nd7 15. Ba3 O-O 16. Nd5 Nc5 17. b4 Rc8 18. b5 Rxc6 19. Nxe7+ Qxe7 20. bxc6 Qd6
21. Rd1 Qxc6 22. c3 Rd8 23. Qg5 Bf6 24. Qe3 Ne6 25. Bb2 e4 26. d4 Nc7 27. Kg1
Re8 28. Qf4 Nd5 29. Qd2 e3 30. fxe3 Rxe3 31. Qf2 b5 32. Bc1 Rxc3 33. Bh6 Rc2
34. Qf3 Qe6 35. Qa3 Bxd4+ 36. Rxd4 Qe1# 0-1

[Event "Sparkassen-Open A"]
[Site "Heusenstamm, Martinsee"]
[Date "2021.11.19"]
[Round "2.37"]
[White "Kosak, Matjaz"]
[Black "Bergner, Philipp"]
[Result "0-1"]
[WhiteElo "1769"]
[BlackElo "2100"]
[PlyCount "70"]
[EventDate "2021.??.??"]
[WhiteTeam "SV Frankfurt Nord"]
[BlackTeam "SG Schwäbisch Gmünd"]

1. e4 c5 2. c3 Nf6 3. e5 Nd5 4. Nf3 e6 5. d4 cxd4 6. cxd4 d6 7. Bc4 Be7 8. Qe2
O-O 9. O-O Nc6 10. Nc3 dxe5 11. dxe5 Nxc3 12. bxc3 Qc7 13. Bd3 b6 14. Re1 Bb7
15. Qe4 g6 16. Bh6 Nb4 17. Qe3 Nxd3 18. Qxd3 Rfd8 19. Qe3 Rac8 20. Rac1 Qc4 21.
Ng5 Rd3 22. Qe2 Rxc3 23. Rxc3 Qxc3 24. h4 Qc4 25. Qd2 Rd8 26. Qc1 Qd5 27. f3
Qd4+ 28. Kh2 Qxh4+ 29. Nh3 Rc8 30. Qd2 Bb4 31. Qd7 Bxe1 32. Qxb7 Bg3+ 33. Kg1
Rd8 34. Kf1 Qc4+ 35. Kg1 Rd1# 0-1

[Event "Sparkassen-Open A"]
[Site "Heusenstamm, Martinsee"]
[Date "2021.11.19"]
[Round "2.38"]
[White "Vangsgaard, Claus"]
[Black "Cichy, Michael"]
[Result "0-1"]
[WhiteElo "1851"]
[BlackElo "2059"]
[PlyCount "76"]
[EventDate "2021.??.??"]
[WhiteTeam "Vejlby-Risskov"]
[BlackTeam "SC BS Gliesmarode"]

1. e4 c5 2. d3 e6 3. Nf3 Nc6 4. g3 d5 5. Nbd2 Nf6 6. Bg2 Be7 7. O-O b6 8. e5
Nd7 9. Re1 Qc7 10. Qe2 Bb7 11. Nf1 h6 12. h4 O-O-O 13. N1h2 Rdg8 14. c3 Kb8 15.
Bd2 Nd8 16. d4 Nc6 17. Bf1 Rc8 18. Qd1 Ka8 19. a3 c4 20. Qc2 Na5 21. Rad1 Rcf8
22. Re2 Bc8 23. Rde1 Nb8 24. Bh3 Bd7 25. Bc1 Nb3 26. Kg2 Nc6 27. Nd2 Nxc1 28.
Qxc1 Nd8 29. Ndf3 Kb8 30. Rg1 f5 31. exf6 gxf6 32. Rge1 Bd6 33. Ng1 Bc8 34.
Ngf3 Rfg8 35. Nf1 Qg7 36. g4 f5 37. g5 hxg5 38. Nxg5 Rxh4 0-1

[Event "Sparkassen-Open A"]
[Site "Heusenstamm, Martinsee"]
[Date "2021.11.19"]
[Round "2.39"]
[White "Marzec, Witold"]
[Black "Schröder, Jürgen"]
[Result "0-1"]
[WhiteElo "1706"]
[BlackElo "2054"]
[PlyCount "54"]
[EventDate "2021.??.??"]
[WhiteTeam "VL Bornheim"]
[BlackTeam "SC Matt im Park"]

1. c4 g6 2. Nc3 Bg7 3. d4 d6 4. g3 Nd7 5. Bg2 c6 6. e3 e5 7. Nge2 f5 8. e4 Ngf6
9. O-O O-O 10. Qd2 Kh8 11. Kh1 Qe8 12. f3 fxe4 13. Nxe4 Nxe4 14. fxe4 Rxf1+ 15.
Bxf1 exd4 16. Bg2 c5 17. Qf4 Ne5 18. Qf1 Be6 19. Bf4 Bxc4 20. b3 Ba6 21. Rd1
Qb5 22. Bxe5 dxe5 23. Rd2 Rf8 24. Qe1 Bh6 25. Rb2 Be3 26. Ng1 Qd3 27. Nh3 Qc3
0-1

[Event "Sparkassen-Open A"]
[Site "Heusenstamm, Martinsee"]
[Date "2021.11.19"]
[Round "2.40"]
[White "Calvi, Stefan"]
[Black "Eull, Emil"]
[Result "1-0"]
[WhiteElo "2053"]
[BlackElo "1799"]
[PlyCount "153"]
[EventDate "2021.??.??"]
[WhiteTeam "SF Frankfurt"]
[BlackTeam "SF Neuberg"]

1. e4 c6 2. Nf3 d5 3. exd5 cxd5 4. Ne5 Nf6 5. d4 Nc6 6. c3 Bf5 7. Bd3 Bxd3 8.
Qxd3 e6 9. O-O Bd6 10. Qe2 Qc7 11. f4 O-O 12. Be3 Ne4 13. Nd2 Nxd2 14. Bxd2
Rae8 15. Rae1 f6 16. Nxc6 bxc6 17. b4 a5 18. a3 Re7 19. c4 Qa7 20. c5 Bc7 21.
b5 cxb5 22. Qxb5 Qa8 23. Rb1 Rb8 24. Qa4 Bd8 25. Rb5 Kf7 26. Rfb1 Reb7 27. Kf2
Qa6 28. Rxb7+ Rxb7 29. Rb3 f5 30. Rxb7+ Qxb7 31. Qc2 Qc7 32. Qb3 Bf6 33. Ke3 g5
34. g3 Bd8 35. Qb5 Kf8 36. a4 gxf4+ 37. gxf4 Qg7 38. Qb8 Qc7 39. Qb5 Ke7 40.
Be1 Kf7 41. Bc3 Qa7 42. Be1 Kf8 43. Qc6 Kf7 44. Qb5 h6 45. Qc6 Qc7 46. Qb5 Kf8
47. Qa6 Kf7 48. Kf3 Qb8 49. Qb5 Qc7 50. Bd2 Kf8 51. Ke3 Qg7 52. Qb8 Qc7 53. Qb5
Qg7 54. Qb8 Qg1+ 55. Kd3 Qf1+ 56. Ke3 Qh3+ 57. Ke2 Qxh2+ 58. Kd1 Qh1+ 59. Kc2
Qe4+ 60. Kd1 Qf3+ 61. Kc2 Ke7 62. Qd6+ Ke8 63. Qxe6+ Be7 64. Qc8+ Bd8 65. Qxf5
Qg2 66. c6 Qe4+ 67. Qxe4+ dxe4 68. Kb3 Ke7 69. Kc4 Kd6 70. d5 Bb6 71. f5 e3 72.
Be1 e2 73. Bg3+ Ke7 74. d6+ Kd8 75. Kd3 e1=Q 76. Bxe1 Bc5 77. Bxa5+ 1-0

[Event "Sparkassen-Open A"]
[Site "Heusenstamm, Martinsee"]
[Date "2021.11.19"]
[Round "2.41"]
[White "Raumanns, Niklas"]
[Black "Berberich, Christoph"]
[Result "0-1"]
[WhiteElo "1682"]
[BlackElo "2017"]
[PlyCount "54"]
[EventDate "2021.??.??"]
[WhiteTeam "SC Bergen-Enkheim"]
[BlackTeam "SGEM Dreisamtal"]

1. e4 c5 2. Nf3 Nc6 3. d4 cxd4 4. Nxd4 Nf6 5. Nc3 e5 6. Ndb5 d6 7. Nd5 Nxd5 8.
exd5 Nb8 9. Bg5 f6 10. Bd2 a6 11. Na3 Be7 12. c4 O-O 13. Bd3 f5 14. f3 e4 15.
fxe4 fxe4 16. Bxe4 Bf6 17. Qh5 g6 18. Bxg6 Qe7+ 19. Kd1 Bxb2 20. Re1 hxg6 21.
Qxg6+ Qg7 22. Qxd6 Bxa3 23. Qxa3 Qxa1+ 24. Kc2 Bf5+ 25. Kb3 Qf6 26. Re3 Nd7 27.
Bc3 Qb6+ 0-1

[Event "Sparkassen-Open A"]
[Site "Heusenstamm, Martinsee"]
[Date "2021.11.19"]
[Round "2.42"]
[White "Faber, Lutz"]
[Black "Seehaus, Bernhard"]
[Result "0-1"]
[WhiteElo "1824"]
[BlackElo "2013"]
[PlyCount "80"]
[EventDate "2021.??.??"]
[WhiteTeam "Zwickauer SC"]
[BlackTeam "Schachforum Darmstadt"]

1. d4 d6 2. Bf4 Nd7 3. Nf3 g6 4. e4 Bg7 5. Qd2 e5 6. Bg5 Ne7 7. Nc3 h6 8. Be3
g5 9. O-O-O Ng6 10. g3 g4 11. Ng1 exd4 12. Bxd4 Nde5 13. Be2 Be6 14. f4 gxf3
15. Nxf3 Nxf3 16. Bxf3 Ne5 17. Bh5 Qg5 18. Be2 Qxd2+ 19. Rxd2 h5 20. Nd5 Bxd5
21. exd5 Bh6 22. Bb5+ Ke7 23. Re1 f6 24. Kd1 Bxd2 25. Kxd2 a6 26. Bd3 Kf7 27.
Rf1 h4 28. Bf5 hxg3 29. hxg3 Rh2+ 30. Kc3 Rg2 31. Bxe5 dxe5 32. g4 Rh8 33. Rd1
Ke7 34. a4 a5 35. Kc4 Kd6 36. Kb5 b6 37. b3 Rg3 38. Kc4 Rhh3 39. Rd2 Rc3+ 40.
Kb5 Rc5+ 0-1

[Event "Sparkassen-Open A"]
[Site "Heusenstamm, Martinsee"]
[Date "2021.11.19"]
[Round "2.43"]
[White "Benninger, Rudolf"]
[Black "Kürschner, Liam"]
[Result "1-0"]
[WhiteElo "2008"]
[BlackElo "1641"]
[PlyCount "81"]
[EventDate "2021.??.??"]
[WhiteTeam "SC Heusenstamm"]
[BlackTeam "SK Langen"]

1. e4 c5 2. c3 d5 3. exd5 Nf6 4. c4 e6 5. dxe6 Bxe6 6. Nf3 Nc6 7. d3 Bd6 8. Be2
Qe7 9. O-O O-O-O 10. Nc3 Bb8 11. Qb3 Bf5 12. Bg5 Nd4 13. Nxd4 cxd4 14. Ne4 Bxe4
15. Bg4+ Rd7 16. Bxf6 gxf6 17. dxe4 Rg8 18. Qh3 Rxg4 19. Qxg4 Bc7 20. Rad1 Be5
21. Rd3 Kb8 22. Rfd1 Qd6 23. g3 Qc6 24. b3 a6 25. Qg8+ Ka7 26. Qxh7 Qb6 27. Kg2
Qc5 28. Qf5 Qc6 29. f4 Bc7 30. Rxd4 Re7 31. Rd5 Qb6 32. Kf3 Qb4 33. Qxf6 Re6
34. Qd4+ Ka8 35. c5 Qa3 36. Rd2 Qc1 37. Rd1 Qc2 38. h4 Qh2 39. Qf2 Qh3 40. Qf1
Qxf1+ 41. Rxf1 1-0

[Event "Sparkassen-Open A"]
[Site "Heusenstamm, Martinsee"]
[Date "2021.11.19"]
[Round "2.44"]
[White "Wachsmann, Dietmar"]
[Black "Kähm, Kevin"]
[Result "1-0"]
[WhiteElo "1983"]
[BlackElo "1626"]
[PlyCount "87"]
[EventDate "2021.??.??"]
[WhiteTeam "SC Groß-Umstadt"]
[BlackTeam "SK Bischofsheim"]

1. e4 e5 2. f4 d6 3. Nf3 Bg4 4. Bc4 exf4 5. d4 g5 6. h4 f6 7. g3 fxg3 8. hxg5
Nc6 9. Nc3 fxg5 10. Bxg5 Be7 11. Be3 g2 12. Rh2 Bh4+ 13. Kd2 Qf6 14. Rxh4 Bxf3
15. Qe1 O-O-O 16. Rf4 Qg7 17. Rxf3 Nxd4 18. Rg3 Qf6 19. Qf2 Qxf2+ 20. Bxf2 Nc6
21. Rxg2 Nf6 22. Bh4 Rdf8 23. Rf1 Nd7 24. Rxf8+ Rxf8 25. Rg8 Nce5 26. Rxf8+
Nxf8 27. Be2 Nfg6 28. Bf6 c6 29. Bxe5 Nxe5 30. Nd1 Kc7 31. Ne3 b5 32. Ng4 Nd7
33. Ke3 Nc5 34. Nf6 Na4 35. b3 Nc3 36. Nxh7 Nxa2 37. Nf6 Nb4 38. Kd2 Na6 39.
Bg4 c5 40. Bd7 b4 41. Bb5 Nb8 42. Ne8+ Kb6 43. Nxd6 a6 44. Ba4 1-0

[Event "Sparkassen-Open A"]
[Site "Heusenstamm, Martinsee"]
[Date "2021.11.19"]
[Round "2.45"]
[White "Eurich, Jannik"]
[Black "Cofmann, Veaceslav"]
[Result "0-1"]
[WhiteElo "1907"]
[BlackElo "2288"]
[PlyCount "54"]
[EventDate "2021.??.??"]
[WhiteTeam "SK Langen"]
[BlackTeam "SC Eppingen"]

1. e4 e6 2. d4 d5 3. Nd2 c5 4. exd5 Qxd5 5. Ngf3 cxd4 6. Bc4 Qd6 7. O-O Nf6 8.
Nb3 Nc6 9. Nbxd4 Nxd4 10. Nxd4 a6 11. c3 Qc7 12. Bb3 Bd7 13. f4 Bc5 14. Kh1
O-O-O 15. Be3 h5 16. Qe2 h4 17. Bc4 h3 18. g3 b5 19. Bd3 Qb7+ 20. Kg1 Ng4 21.
Bd2 Qg2+ 22. Qxg2 hxg2 23. Rfd1 Rxh2 24. Be2 Bxd4+ 25. cxd4 Rh1+ 26. Kxg2 Bc6+
27. Bf3 Rh2+ 0-1

[Event "Sparkassen-Open A"]
[Site "Heusenstamm, Martinsee"]
[Date "2021.11.19"]
[Round "2.46"]
[White "Adocchio, Giampiero"]
[Black "Knödler, Marcel"]
[Result "1-0"]
[WhiteElo "2168"]
[BlackElo "1857"]
[PlyCount "83"]
[EventDate "2021.??.??"]
[WhiteTeam "Mosbacher SC"]
[BlackTeam "Wiesbadener SV"]

1. d4 Nf6 2. c4 b6 3. Nf3 Bb7 4. Nc3 e6 5. a3 Be7 6. d5 O-O 7. e4 d6 8. Bd3 e5
9. O-O Nbd7 10. b4 a5 11. Be3 Re8 12. Nd2 axb4 13. axb4 Rxa1 14. Qxa1 Ng4 15.
Re1 Nxe3 16. Rxe3 Bg5 17. Re2 Qa8 18. Qb1 c6 19. Nf3 Bd8 20. Ra2 Qc8 21. Qa1 g6
22. Nd2 Rf8 23. Ra7 f5 24. h3 h6 25. Qa4 b5 26. cxb5 cxd5 27. Qb3 Nf6 28. Nxd5
Bxd5 29. exd5 Qc1+ 30. Nf1 e4 31. Be2 Qe1 32. Qg3 g5 33. Qxd6 Qxe2 34. b6 Qc4
35. b7 Bc7 36. Qe6+ Kh8 37. Qe7 Rb8 38. Qxf6+ Kg8 39. Qg6+ Kf8 40. Qxf5+ Kg7
41. Qd7+ Kh8 42. Ra8 1-0

[Event "Sparkassen-Open A"]
[Site "Heusenstamm, Martinsee"]
[Date "2021.11.19"]
[Round "2.47"]
[White "Wolf, Ulrich Martin"]
[Black "Sittinger, Lutz"]
[Result "1/2-1/2"]
[WhiteElo "2152"]
[BlackElo "1915"]
[PlyCount "87"]
[EventDate "2021.??.??"]
[WhiteTeam "SC Hansa Dortmund"]
[BlackTeam "SK Mainaschaff"]

1. d4 Nf6 2. c4 g6 3. Nc3 Bg7 4. Nf3 d6 5. g3 O-O 6. Bg2 c5 7. O-O cxd4 8. Nxd4
a6 9. b3 Qc7 10. Bb2 Nc6 11. Rc1 Nxd4 12. Qxd4 Rb8 13. Nd5 Qd8 14. Qa7 Be6 15.
Nxf6+ Bxf6 16. Bxf6 exf6 17. Rfd1 Qe7 18. Rd2 Rfd8 19. Rcd1 Qc7 20. Qd4 Kg7 21.
g4 h6 22. h4 Qa5 23. Bf3 Rd7 24. Qb2 Rbd8 25. Rd4 Qe5 26. Qd2 f5 27. g5 hxg5
28. hxg5 f6 29. Rh4 Rh8 30. gxf6+ Qxf6 31. Rxh8 Kxh8 32. Qh6+ Kg8 33. Kg2 Qg7
34. Qg5 Kf7 35. Bd5 Qf6 36. Qxf6+ Kxf6 37. f4 Bxd5+ 38. Rxd5 Ke6 39. a4 Rh7 40.
Rd1 Rh4 41. Kg3 Rg4+ 42. Kf3 Rh4 43. Kg3 Rg4+ 44. Kf3 1/2-1/2

[Event "Sparkassen-Open A"]
[Site "Heusenstamm, Martinsee"]
[Date "2021.11.19"]
[Round "2.48"]
[White "Mohr, Thomas"]
[Black "Gramb, Marius"]
[Result "1/2-1/2"]
[WhiteElo "1887"]
[BlackElo "2131"]
[PlyCount "37"]
[EventDate "2021.??.??"]
[WhiteTeam "SC FK Babenhausen"]
[BlackTeam "Brühler SK"]

1. f4 d5 2. Nf3 g6 3. e3 Bg7 4. d4 Nh6 5. Be2 O-O 6. O-O Nd7 7. Nc3 Nb6 8. e4
dxe4 9. Nxe4 Bg4 10. c3 c6 11. Ne5 Bxe2 12. Qxe2 Qc7 13. Bd2 Nd7 14. Rae1 b6
15. Ng3 Nxe5 16. fxe5 Rad8 17. Qe4 e6 18. Qh4 Nf5 19. Nxf5 1/2-1/2

[Event "Sparkassen-Open A"]
[Site "Heusenstamm, Martinsee"]
[Date "2021.11.19"]
[Round "2.49"]
[White "Haack, Kevin"]
[Black "Ehrlacher, Markus"]
[Result "1-0"]
[WhiteElo "2100"]
[BlackElo "1902"]
[PlyCount "41"]
[EventDate "2021.??.??"]
[WhiteTeam "SV Hofheim"]
[BlackTeam "SC Iffezheim"]

1. c4 e5 2. Nc3 Nf6 3. Nf3 Nc6 4. e4 g6 5. d4 exd4 6. Nxd4 d6 7. f3 Bg7 8. Be3
O-O 9. Qd2 Nxd4 10. Bxd4 Nd7 11. Bxg7 Kxg7 12. O-O-O b6 13. g4 Ne5 14. Be2 a5
15. g5 Ba6 16. f4 Nc6 17. Nd5 Nb4 18. Qd4+ Kg8 19. Nf6+ Kg7 20. Nh5+ Kg8 21.
Qg7# 1-0

[Event "Sparkassen-Open A"]
[Site "Heusenstamm, Martinsee"]
[Date "2021.11.19"]
[Round "2.50"]
[White "Nemitz, Alfred"]
[Black "Hagner, Bennet"]
[Result "1/2-1/2"]
[WhiteElo "1463"]
[BlackElo "2096"]
[PlyCount "65"]
[EventDate "2021.??.??"]
[WhiteTeam "USV Potsdam"]
[BlackTeam "Frankfurter TV"]

1. d4 Nf6 2. c4 e6 3. Nc3 Bb4 4. Qc2 O-O 5. Nf3 c5 6. dxc5 Na6 7. Bf4 Nxc5 8.
a3 Bxc3+ 9. Qxc3 d5 10. Rd1 Nce4 11. Qc2 Qa5+ 12. Bd2 Qc7 13. Bb4 Re8 14. Nd2
Nxd2 15. Rxd2 Qxc4 16. Qxc4 dxc4 17. g3 a5 18. Bc3 Ne4 19. Rd4 Nxc3 20. bxc3 b5
21. Bg2 Rb8 22. Kd2 e5 23. Rd6 Bf5 24. Bc6 Rec8 25. Ke3 Kf8 26. Be4 Be6 27. Rb1
Ke7 28. Ra6 f5 29. Bc6 Bd7 30. Bxd7 Kxd7 31. Rxa5 Kc6 32. Ra6+ Kc5 33. Ra5
1/2-1/2

[Event "Sparkassen-Open A"]
[Site "Heusenstamm, Martinsee"]
[Date "2021.11.19"]
[Round "2.51"]
[White "Neidhardt, Helge"]
[Black "Tietzen, Stefan"]
[Result "1/2-1/2"]
[WhiteElo "2070"]
[BlackElo "1887"]
[PlyCount "100"]
[EventDate "2021.??.??"]
[WhiteTeam "SK Marburg"]
[BlackTeam "SK Gernsheim"]

1. d4 Nf6 2. Nf3 g6 3. c4 Bg7 4. Nc3 d5 5. Bf4 O-O 6. e3 c6 7. h3 Bf5 8. Bd3
Bxd3 9. Qxd3 dxc4 10. Qxc4 Nd5 11. Bg3 Qa5 12. O-O Nd7 13. Rab1 Qb4 14. Qd3
Rfe8 15. e4 N5b6 16. Rfd1 Qc4 17. Qxc4 Nxc4 18. b3 Nd6 19. Rd3 Rac8 20. Nd2 Nb6
21. Be5 Rcd8 22. Nf3 Nd7 23. Bxg7 Kxg7 24. e5 Nc8 25. Ne4 Nf8 26. Rbd1 Ne6 27.
g3 Nb6 28. Nc5 Nxc5 29. dxc5 Rxd3 30. Rxd3 Nd5 31. Ng5 h6 32. Ne4 g5 33. Kg2
Kg6 34. Nc3 Nxc3 35. Rxc3 Rd8 36. g4 Rd5 37. e6 fxe6 38. b4 e5 39. Rf3 e4 40.
Rf8 Rd4 41. a3 Rd2 42. Kf1 Rd3 43. Rb8 Rxa3 44. Rxb7 Rb3 45. Rxa7 Rxb4 46. Rxe7
Kf6 47. Rc7 Rc4 48. Rxc6+ Ke5 49. Rxh6 Rxc5 50. Rh8 Rc3 1/2-1/2

[Event "Sparkassen-Open A"]
[Site "Heusenstamm, Martinsee"]
[Date "2021.11.19"]
[Round "2.52"]
[White "Scholzen, Wolfgang"]
[Black "Werner, Tom"]
[Result "1-0"]
[WhiteElo "2058"]
[BlackElo "1780"]
[PlyCount "113"]
[EventDate "2021.??.??"]
[WhiteTeam "SK Turm Euskirchen"]
[BlackTeam "VSG Offenbach"]

1. d4 d5 2. c4 e6 3. Nc3 Nf6 4. Bg5 Be7 5. e3 O-O 6. Nf3 c6 7. Bd3 Nbd7 8. O-O
Re8 9. Rc1 Nf8 10. Ne5 Ng6 11. Nxg6 hxg6 12. Qc2 dxc4 13. Bxc4 Nd5 14. Bxe7
Qxe7 15. a3 Nxc3 16. Qxc3 Bd7 17. Rfd1 Rac8 18. b4 Rc7 19. Qd3 Rd8 20. Ba2 Rdc8
21. Rc3 Kf8 22. Rdc1 Be8 23. Qe4 Qd6 24. Bc4 a5 25. bxa5 c5 26. d5 exd5 27.
Qxd5 Qxd5 28. Bxd5 Bb5 29. Rb1 Ba6 30. f3 c4 31. Rb4 Rc5 32. Bxb7 Bxb7 33. Rxb7
Rxa5 34. Rb4 Ke7 35. a4 Rac5 36. Kf2 Kd6 37. e4 R5c6 38. Ke3 Ke6 39. h3 Kf6 40.
a5 Ra8 41. Rb5 Ke6 42. Kd4 Rd8+ 43. Rd5 Rdc8 44. f4 f6 45. g4 Ke7 46. e5 R8c7
47. Rd6 Rc5 48. a6 Rc8 49. Rb6 R5c7 50. exf6+ gxf6 51. Re3+ Kf7 52. Kc3 Rc6 53.
Rb7+ R6c7 54. Rxc7+ Rxc7 55. Re1 Ra7 56. Ra1 Ke6 57. Kxc4 1-0

[Event "Sparkassen-Open A"]
[Site "Heusenstamm, Martinsee"]
[Date "2021.11.19"]
[Round "2.53"]
[White "Steudel, Max"]
[Black "Müdder, Melanie"]
[Result "1-0"]
[WhiteElo "2052"]
[BlackElo "1766"]
[PlyCount "59"]
[EventDate "2021.??.??"]
[WhiteTeam "SC Brett vorm Kopp"]
[BlackTeam "SG Solingen"]

1. d4 Nf6 2. Nf3 g6 3. Nc3 d5 4. Bf4 Bg7 5. Nb5 Na6 6. h3 O-O 7. e3 c6 8. Nc3
Qa5 9. Qd2 c5 10. Bxa6 Qxa6 11. dxc5 Bd7 12. Be5 Bc6 13. Qd3 Qa5 14. Qd4 Qa6
15. b4 b6 16. cxb6 axb6 17. a4 Bb7 18. b5 Qa5 19. O-O Rac8 20. Nd2 Nh5 21. Bxg7
Nxg7 22. Ncb1 Rxc2 23. Nb3 Qa7 24. a5 Rc4 25. Qxb6 Qxb6 26. axb6 Nf5 27. Ra7
Nd6 28. Na5 Ra8 29. Nxb7 Rxa7 30. bxa7 1-0

[Event "Sparkassen-Open A"]
[Site "Heusenstamm, Martinsee"]
[Date "2021.11.19"]
[Round "2.54"]
[White "Hesse, Uwe"]
[Black "Mehlen, Theodor"]
[Result "0-1"]
[WhiteElo "2014"]
[BlackElo "1861"]
[PlyCount "86"]
[EventDate "2021.??.??"]
[WhiteTeam "VL Düsseldorf"]
[BlackTeam "SC Matt im Park"]

1. Nf3 Nf6 2. d3 d5 3. Nbd2 Nc6 4. e4 Bg4 5. Be2 e5 6. c3 Bd6 7. b4 O-O 8. a3
Re8 9. Qc2 Ne7 10. h3 Bd7 11. Nf1 h6 12. Ne3 Bc6 13. Ng4 Ng6 14. g3 dxe4 15.
dxe4 Bd7 16. Ne3 Be6 17. g4 Nf4 18. Nf5 Bxf5 19. gxf5 N6h5 20. Bc4 Qf6 21. Nd2
c6 22. Bf1 Bc7 23. Nc4 Rad8 24. Be3 b5 25. Nd2 Bb6 26. c4 Bd4 27. O-O-O a5 28.
cxb5 cxb5 29. Nb3 axb4 30. axb4 Rc8 31. Nc5 Re7 32. Bxd4 exd4 33. Qb2 Qe5 34.
Re1 Nf6 35. f3 Nd7 36. Kd2 Nxc5 37. bxc5 Rxc5 38. Be2 Ng2 39. Rc1 Qf4+ 40. Kd1
Ne3+ 41. Ke1 Nc4 42. Rg1 Qe3 43. Kf1 Nd2+ 0-1

[Event "Sparkassen-Open A"]
[Site "Heusenstamm, Martinsee"]
[Date "2021.11.19"]
[Round "2.55"]
[White "Pauls, Wilhelm"]
[Black "Huck, Robert"]
[Result "1-0"]
[WhiteElo "1993"]
[BlackElo "1851"]
[PlyCount "67"]
[EventDate "2021.??.??"]
[WhiteTeam "SG Kaarst"]
[BlackTeam "SC Königsspringer Alzenau"]

1. e4 e5 2. Nf3 Nc6 3. Bb5 a6 4. Ba4 Nf6 5. O-O Be7 6. Re1 b5 7. Bb3 O-O 8. d4
d6 9. c3 h6 10. h3 Re8 11. Nbd2 Bf8 12. Nf1 Bb7 13. Ng3 g6 14. a4 Bg7 15. Bc2
exd4 16. cxd4 Nb4 17. Bb1 c5 18. Bd2 Nc6 19. dxc5 dxc5 20. Qc1 Nd4 21. Nxd4
Qxd4 22. axb5 Nxe4 23. Nxe4 Bxe4 24. Bc3 Qc4 25. Bxe4 Rxe4 26. Rxe4 Qxe4 27.
Bxg7 Kxg7 28. bxa6 Qe2 29. Qc3+ Kh7 30. Qf6 Qe6 31. Qxe6 fxe6 32. Kf1 Ra7 33.
Ke2 Kg7 34. Kd3 1-0